00000000nas##2200000za#4500
0019.501499
003CaOODSP
00520260106135558
007cr |||||||||||
008150406c1998||||xxc|| m o||||f|   |0fre|d
040 |aCaOODSP|bfre
043 |an-cn---
0861 |aM91-7F-PDF
1102 |aCentre de la technologie de l'énergie de CANMET (Canada)
24510|a[Rapport technologique] |h[ressource électronique]
260 |aOttawa - Ontario : |bRessources naturelles Canada.
310 |aIrrégulier
5203 |aCes rapports techniques présentent les résultats de travaux de recherche effectués pour le Centre canadien de la technologie des minéraux et de l’énergie (CANMET). La recherche porte sur la technologie énergétique dans différents domaines, notamment les techniques avancées de combustion, les systèmes énergétiques dans les collectivités, les techniques d’énergies renouvelables, et l’environnement construit, dans les domaines de la R-D en matière d’habitations, de logiciels et de simulations.
69107|aTechnologie environnementale|2gcpds
77508|t[Technology report] |w(CaOODSP)9.504720
7760#|t[Technology report] |w(CaOODSP)9.509508
7760#|t[Rapport technologique] |w(CaOODSP)9.509509
7760#|t[Rapport technologique] |w(CaOODSP)9.513136